D+ : publicació de la Comissió de Descentralització i Autonomia Local de Ciutats i Governs Locals Units (CGLU) publicació de la Comissió de Descentralització i Autonomia Local de Ciutats i Governs Locals Units (CGLU)

Descripció física: fot. ; 29 cm

MARC

LEADER 00000nam a2200000Ia 4500
003 BGR
005 20260324180557.0
008 160829s2009 xx 000 0 cat d
008 160829s9999 xx 000 0 cat d
080 |a Revistes 
245 |a D+ :  |b  publicació de la Comissió de Descentralització i Autonomia Local de Ciutats i Governs Locals Units (CGLU) 
260 |a Barcelona :  |b Diputació de Barcelona. Ciutats i Governs Locals Units. Comissió de Descentralització i Autonomia Local,  |c 2009 
300 |a fot. ;  |c 29 cm 
362 |a Núm. 1 (2009)- 
590 |a Periodicitat desconeguda.  
590 |a Text en català, anglès, catellà i francès 
650 |a Autonomia municipal   |9 49147 
650 0 |a Descentralització administrativa  |9 18273 
650 |a Economia  |9 31980 
710 1 |a Barcelona (Catalunya : Província).  |b Diputació  |9 52408 
866 |a 2009 (1), 2010, 2011, 2012, 2013, 2014 
901 |a Arxiu 
942 |n 1  |2 udc  |c MON 
952 |0 0  |1 0  |4 0  |6 REVISTES  |7 1  |9 55117  |a Arxiu  |b Arxiu  |d 2016-12-01  |l 0  |o Revistes  |r 2016-12-01 00:00:00  |w 2016-12-01  |y ARXIU 
999 |c 58989  |d 58989